000 01139nam a22002295i 4500
001 157129
003 ES-MaACL
005 20250824063054.0
008 020326s1865 sp |||| | spa d
040 _aCAM
_bspa
_cCAM
100 1 _aLarra y Wetoret, Luis Mariano de,
_d1830-1901
_970289
245 1 0 _aPunto y aparte
_b: zarzuela en dos actos y en prosa /
_cletra de Luis Mariano de Larra ; música del maestro Rogel.
260 _aMadrid :
_b[s.n.],
_c1865 (
_fImprenta de José Rodriguez)
300 _a50 p. ;
_c20 cm.
500 _aEn port.: Representada por primera vez en el teatro de la Zarzuela el día 9 de febrero de 1865.
500 _aSolo la letra.
596 _aEn verso de la port. consta: "... Galería dramática y lírica titulada El Teatro ..."
700 1 _aRogel, José.
_9131984
852 _aES-MaACL
_jF-8611(7)
_z-- Enc. hol.
_q-- Falto de la cub. original
_z-- Enc. en un vol. facticio formando parte de la col. facticia "Teatro español moderno", vol. 66
852 _aES-MaACL
_jT-418-F-14
_z-- Enc. hol.
_q-- Falto de la cub. original
_z-- Enc. en un vol. facticio
999 _c157129
_d157129